000
00313 a2200121 4500
000
nam a22 7a 4500
005
20260209100130.0
020
_a
9788119989829
100
_a
Chanchal Chauhan
_9
1114427
245
_a
Sahitya Ka Dalit Saundaryashastra
260
_b
Radhakrishna Prakashan
_c
2024
942
_c
TEXL
999
_c
1678967
_d
1678967